| 000 | 00524nam a22001457a 4500 | ||
|---|---|---|---|
| 999 |
_c515053 _d515053 |
||
| 008 | 210109b ||||| |||| 00| 0 eng d | ||
| 100 |
_aDurant, Robert F. _922071 |
||
| 245 | _aResponse to james svara and james brunet regarding social equity | ||
| 260 | _aAmerican Review of Public Administration | ||
| 300 | _a50(4-5), May-Jul: p.358-359 | ||
| 650 |
_aSocial equity, Democratic governance _920138 |
||
| 773 | _aAmerican Review of Public Administration | ||
| 906 | _aSOCIAL EQUITY - DEMOCRATIC GOVERNANCE | ||
| 942 | _cAR | ||